000
00274nam a22001217a 4500
008
171104b xxu||||| |||| 00| 0 eng d
041
_a
eng
080
_a
330.722.6
100
_a
61
101
_a
KON
245
_a
THE QUICKBOOKS ACCOUNTANT 2012
_c
OWEN, G
942
_2
udc
_c
BK
999
_c
37684
_d
37684